| 000 | 00498nam a2200181Ia 4500 | ||
|---|---|---|---|
| 003 | GCL | ||
| 008 | 140319s9999 xx 000 0 eng d | ||
| 040 |
_aGCL / _cGCL |
||
| 082 | 0 | 4 |
_aCH _b891.76 _bP T |
| 100 | 1 | _aPUSHKIN, ALEXANDER | |
| 245 | 1 | 0 |
_aTHE TALE OF THE DEAD PRINCESS AND SEVEN KNIGHTS / _cPUSHKIN, ALEXANDER |
| 260 |
_a[S.N] : _bRADUGA PUBLISHERS ، _c1984 |
||
| 300 | _a36 P | ||
| 650 | 0 | 4 | _aCHILDREN |
| 650 | 0 | 4 | _aRUSSIAN LITERATURE |
| 650 | 0 | 4 | _aRUSSIA - FICTION |
| 942 |
_2ddc _cBK |
||
| 999 |
_c15210 _d15210 |
||